Austrian State Capitals Quiz - Statistics

General Stats
  • This quiz has been taken 94 times
  • The average score is 7 of 9
Answer Stats
State Capital % Correct
Vienna Vienna
100%
Styria Graz
96%
Salzburg Salzburg
96%
Tyrol Innsbruck
94%
Upper Austria Linz
91%
Carinthia Klagenfurt
70%
Vorarlberg Bregenz
69%
Lower Austria St. Pölten
69%
Burgenland Eisenstadt
61%
No matching quizzes found
Score Distribution
Percent of People with Each Score
Percentile by Number Answered
Your Score History
You have not taken this quiz